00669 2200253 4500001002100000005001500021035002500036040001700061100002000078245006400098250001200162300002100174020002200195041000800217082000800225084001400233090002000247260003300267650001600300850001000316008004100326990002100367990002700388INLIS00000000000001020260413083215 a0010-111500000000010 aSBPUPADbind aTim Hikmah Ilmu1 aContekan Rumus Kimia Paling Lengkap untuk SMA /cTim Hikmah a.-cet.1 a93 hlm. ;c19 cm a978-979-19238-8-0 aind a546 a546 TIM c a546 TIM c L16-4 a.-- Jakarta :bHikmah,c2009 4aRumus Kimia aPUPAD260413 0  a10316/Br/KAPD/09 a10315/BR/KAPD-PDG/2009